Sonate für drei Flöten (oder Violinen und andere Instrumente) ohne Bass /
| Main Author: | Quantz, Johann Joachim, 1697-1773 |
|---|---|
| Other Authors: | Doflein, Erich, 1900-1977 |
| Language: | No linguistic content |
| Published: |
Hannover : Nagel, 1935 |
| Series: |
Nagels Musik-Archiv
|
| Physical Description: |
1 partitura (8 s.) |
| LEADER | 00898ncm a22002412a 4500 | ||
|---|---|---|---|
| 001 | 000485104 | ||
| 003 | CZ BrMZK | ||
| 005 | 20121024112542.0 | ||
| 007 | qu | ||
| 008 | 000105s1935 gw f zxx d | ||
| 040 | |a BOA001 |b cze | ||
| 072 | 7 | |a 788 |x Hudba pro dechové nástroje |2 Konspekt |9 9 | |
| 100 | 1 | |a Quantz, Johann Joachim, |d 1697-1773 |7 jn19990006762 |4 cmp | |
| 245 | 1 | 0 | |a Sonate |h [hudebnina] : |b für drei Flöten (oder Violinen und andere Instrumente) ohne Bass / |c Johann Joachim Quantz ; hrsg. von Erich Doflein |
| 260 | |a Hannover : |b Nagel, |c 1935 | ||
| 300 | |a 1 partitura (8 s.) | ||
| 490 | 1 | |a Nagels Musik-Archiv ; |v Nr. 116 | |
| 700 | 1 | |a Doflein, Erich, |d 1900-1977 |7 mzk2011654233 |4 edt | |
| 830 | 0 | |a Nagels Musik-Archiv | |
| 910 | |a BOA001 |b Mus4-0531.518 | ||
| 990 | |a MU | ||
| 991 | |b 201210 | ||
| 996 | 6 | |b 2619760637 |c Mus4-0531.518 |l MZK |r Sklad / do 1 hodiny |n 3 |w 000485104 |u 000010 |a 1 |e BOA001 |j MZK50 |s P | |
English
Čeština 